| 000 | 01011nam a2200265Ia 4500 | ||
|---|---|---|---|
| 003 | OSt | ||
| 005 | 20220923211311.0 | ||
| 006 | a|||||r|||| 00| 0 | ||
| 007 | ta | ||
| 008 | 220922b |||||||| |||| 00| 0 hin d | ||
| 020 |
_a9788179756256 (hbk) _c700 |
||
| 024 | _a285,135 | ||
| 037 |
_b26, 02/02/2015, P. K. Books _cTextual |
||
| 040 |
_aARTS _cARTS _bhin |
||
| 041 |
_2hin _ahin |
||
| 082 | _aV2y7N50, 152Q4 | ||
| 100 | _aचतुर्वेदी, जगदीश्वर | ||
| 245 | 0 | _aनरेंद्र मोदी और फासीवादी प्रचारकला | |
| 246 | _aNareandra modī aur fāsīvādī prachārakalā | ||
| 260 |
_aनई दिल्ली _b अनामिका पब्लिशर्स _c2014 |
||
| 300 |
_a276पृ. _ccm. |
||
| 650 | _aविश्व-इतिहास | ||
| 942 |
_hV2y7N50, 152Q4 _cTEXL _2CC |
||
| 999 |
_c298252 _d298252 |
||